| 000 | 00474cam a2200181ua 4500 | ||
|---|---|---|---|
| 001 | 1787 | ||
| 008 | 110811n ii |||gr||||Z||||||eng | ||
| 040 | _cMAIN | ||
| 082 | _a370.092 | ||
| 100 |
_aRusk, Robert R., _eAuthor. |
||
| 245 | 1 |
_aDoctrines of the great educators _cby Robert R. Rusk |
|
| 250 | _a4th. | ||
| 260 |
_aBombay: _bMacmillan and co ltd.,969. |
||
| 300 | _avii; 353p:9cm. | ||
| 653 | _aEducation | ||
| 653 | _aDoctrines of the great educators | ||
| 942 | _cBK | ||
| 999 |
_c1671 _d1671 |
||